| 000 | 01827nam a2200457 c 4500 | ||
|---|---|---|---|
| 001 | 47299 | ||
| 003 | ES-MaCES | ||
| 005 | 20240131040003.0 | ||
| 008 | 160401s2016 sp 000 ||spa d | ||
| 017 |
_aNA 293-2016 _bDL |
||
| 020 | _a9788490989791 | ||
| 040 |
_aES-MaCES _bspa _cES-MaCES |
||
| 100 | 1 |
_936633 _aMorales Sequera, Susana |
|
| 245 | 1 | 3 |
_aLa descentralización de la educación no universitaria en España _b: efectos sobre la convergencia regional desde la perspectiva del gasto público _cTesis doctoral realizada por Susana Morales Sequera ; dir., Carmen Pérez Esparrells |
| 250 | _a1ª ed | ||
| 260 |
_aCizur Menor (Navarra) _bAranzadi-Thomson Reuters _c2016 |
||
| 300 |
_a447 p. _c23 cm |
||
| 490 | 1 | _aEstudios | |
| 500 | _aPrecede al tít.: Universidad Autónoma de Madrid, Facultad de Ciencias Económicas y Empresariales, Departamento de Economía y Hacienda Pública | ||
| 500 | _aEn la cub.: Monografías sobre la economía de la educación, Premio José Luis Moreno Becerra de Tesis doctorales | ||
| 504 | _aBibliografía: p. 337-346 | ||
| 541 | _cCompra | ||
| 650 | 4 |
_adescentralización _927218 |
|
| 650 | 4 |
_asistema educativo _927375 |
|
| 650 | 4 |
_aevaluación del impacto _930732 |
|
| 650 | 4 |
_agasto público _928076 |
|
| 650 | 4 |
_apresupuesto de la educación _927398 |
|
| 650 | 4 |
_apolítica educativa _927373 |
|
| 650 | 4 |
_abeca _927403 |
|
| 650 | 4 |
_aComunidades Autónomas _930768 |
|
| 650 | 4 |
_adesigualdad regional _929372 |
|
| 650 | 4 |
_aEspaña _926964 |
|
| 650 | 4 |
_acuadros estadísticos _928890 |
|
| 650 | 4 |
_atesis _928995 |
|
| 653 | 1 | 0 | _aEducación |
| 700 | 1 |
_920766 _aPérez Esparrells, Carmen _edir. |
|
| 710 | 2 |
_95197 _aUniversidad Autónoma de Madrid |
|
| 830 | 0 |
_aEstudios (Thomson Reuters-Aranzadi) _934937 |
|
| 902 | _aLIB Libro | ||
| 942 |
_2CES _cBK _h4.0. |
||
| 999 |
_c47299 _d47299 |
||